000 00612nam a2200181Ia 4500
008 151018s9999 xx 000 0 und d
082 _bRBASDV36604
_a891.462
100 _aचंद्रकांत गोवेकर
245 _aबलिदान
250 _b1
260 _bबांदोडकर पब्लिशिंग कंपनी मुंबई
_c1983
300 _a102
600 _aचंद्रकांत गोवेकर
630 _aबलिदान
700 _aचंद्रकांत गोवेकर
730 _aबलिदान
942 _cBOOK
999 _c1036051
_d1036048